=LDR 00000nam 2200000 4500 =001 NUTBA000000000000507 =005 20140325104146.0 =006 =007 =008 =020 ##$$a 978-979-29-1723-9 =035 ##$$a 0010-031400000000506 =040 ##$$b i =090 ##$$a 650.1 $bPra $cg =100 ##$$a Pranoto, Eka Dharma =245 ##$$a Gulung Tikar?No Way =260 ##$$a Yogyakarta $bAndi $c2010 =300 ##$$a xxv,338 hlm. $bIllus $c 23 cm =650 ##$$a Bisnis =850 ##$$a NBPNMAT =990 ##$$a 21110230 =990 ##$$a 91463/BPAP-NTB/2014